Statistics for Countries by Computers per capita

Click here to take the quiz!

General Stats

  • This quiz has been taken 34 times
  • The average score is 17 of 22

Answer Stats

HintAnswer% Correct
762.15 per 1,000 peopleUnited States
100%
574.97 per 1,000 peopleFrance
97%
545.35 per 1,000 peopleGermany
97%
541.63 per 1,000 peopleJapan
97%
599.82 per 1,000 peopleUnited Kingdom
93%
544.92 per 1,000 peopleSouth Korea
90%
763.01 per 1,000 peopleSweden
90%
682.86 per 1,000 peopleAustralia
87%
699.93 per 1,000 peopleCanada
87%
572.74 per 1,000 peopleNorway
87%
655.97 per 1,000 peopleDenmark
80%
620.91 per 1,000 peopleSingapore
80%
864.58 per 1,000 peopleSwitzerland
80%
494.29 per 1,000 peopleIreland
77%
682.36 per 1,000 peopleNetherlands
73%
606.8 per 1,000 peopleAustria
70%
634.98 per 1,000 peopleLuxembourg
63%
482.88 per 1,000 peopleEstonia
60%
740.35 per 1,000 peopleIsrael
53%
857.14 per 1,000 peopleSan Marino
53%
600.9 per 1,000 peopleHong Kong
37%
541.83 per 1,000 peopleBermuda
30%

Score Distribution

Percentile by Number Answered

Percent of People with Each Score

Your Score History

You have not taken this quiz